MARC

LEADER 00000nab a2200000 a 4500
001 vtls000861825
003 SK-MaSNL
005 20260304122904.0
008 250429c2003 xo 0 slo
015 |a SNBRB2004/02-04077 
035 |a CLN000213415 
035 |a urn:nbn:sk:snk-ab2hjy 
035 |a (urnnbn)urn:nbn:sk:snk:ar-a02fj3 
035 |a (uuid)bedf7350-f20f-4241-96c3-dcdc114672d5 
040 |a SNKBUCL  |b slo  |c SNKBUCL  |e AACR2 
041 0 |a slo 
044 |a xo  |c SK 
080 |a 82(091):821.124`06 (437.6)(091)"17"  |2 1997 
080 |a 821.124`06 (437.6)(091)"17"  |2 1997 
080 |a 821.162.4(091)"17"  |2 1997 
100 1 |a Zavarský, Svorad  |4 aut  |9 16111 
245 1 0 |a Biblicizmy v apológii Spoločnosti ježišovej od Martina Sentivániho  |c Svorad Zavarský 
504 |a Res. angl. 
504 |a Bibliogr. odkazy 
600 1 7 |a Sentiváni, Martin,  |d 1633-1705  |t Privata et amica disceptatio, unius zelosissimi Catholici, cum quibusdam Dominis Acatholicis, de Societate JESU, in Regno Hungariae retinenda  |2 snkbucl  |9 1430503 
650 0 7 |a baroková literatúra  |x latinská stredoveká literatúra  |z Slovensko  |2 snkbucl  |9 100273 
650 0 7 |a slovenská literatúra  |x barok  |2 snkbucl  |9 823004 
650 0 7 |a latinská stredoveká literatúra  |x barok  |z Slovensko  |2 snkbucl  |9 1430504 
655 7 |a články z novín a časopisov  |2 snkbucl  |9 267496 
773 0 |t Slavica slovaca  |g Roč. 38, č. 1 (2003), s. 50-59  |x 0037-6787 
850 |a Slovenská národná knižnica 
852 |a Slovenská národná knižnica 
954 |a odborná, vedecká literatúra pôvodná (slovenská)  |2 lita 
958 |a article27 
958 |a LX 
958 |a NB 
958 |a OND 
958 |a EUIPO 
992 |a RBX 
999 |c 2888913  |d 2890843